Pridaná hodnota v exporte automobilového priemyslu Slovenskej republiky bakalárska práca

Salvato in:
Dettagli Bibliografici
Autore principale: Hrubšová, Andrea, 1999-
Ente Autore: Obchodná fakulta EU. Katedra medzinárodného obchodu
Altri autori: Steinhauser, Dušan, 1988-
Natura: Libro
Lingua:slovacco
Pubblicazione: Bratislava 2021
Tags: Aggiungi Tag
Nessun Tag, puoi essere il primo ad aggiungerne!!

MARC

LEADER 00000nbm a2200000 4500
001 0275888
005 20220209124228.8
041 0 |a slo 
044 |a SK 
245 1 0 |a Pridaná hodnota v exporte automobilového priemyslu Slovenskej republiky  |b bakalárska práca  |c Andrea Hrubšová ; školiteľ: Dušan Steinhauser 
264 1 |a Bratislava  |c 2021 
300 |a 41 s. 
100 1 |a Hrubšová, Andrea, 1999- 
700 1 |a Steinhauser, Dušan, 1988- 
710 2 |a Obchodná fakulta EU. Katedra medzinárodného obchodu